00389 a2200145 4500003000400000005001700004008004100021020001500062040000900077082001700086100002000103245007400123260003200197300001400229OSt20221006150049.0221006b ||||| |||| 00| 0 eng d a0854045384 coclc a664.5bFIS/F1 aFisher, Carolyn aFood flavoursb:biology and chemistrycCarolyn Fisher, Thomas R Scott aUK:bRSC Paperbacks,c1997. a165 pages